| 000 | 00000nam##2200000za#4500 |
| 001 | 9.616858 |
| 003 | CaOODSP |
| 005 | 20211126112848 |
| 007 | ta |
| 008 | 150406|2004||||xxc||||| f|0| 0 eng|d |
| 022 | |a1192-5434 |
| 040 | |aCaOODSP|beng |
| 043 | |an-cn--- |
| 086 | 1 |aFB3-2/104-10E |
| 110 | 2 |aBank of Canada. |
| 245 | 10|aPublic venture capital and entrepreneurship / |cby Oana Secrieru and Marianne Vigneault. |
| 260 | |bBank of Canada |c2004. |
| 300 | |av, 32p. : |bfigs., references, tables ; |c28 cm. |
| 490 | 1 |aWorking paper|x1192-5434|v2004-10 |
| 520 | 3 |aThis working paper is part of a series that examines a range of economic and financial issues of interest to bankers, economists and policymakers. |
| 546 | |a(Résumés en français.) |
| 563 | |aSoftcover |
| 590 | |a04-18|b2004-04-30 |
| 720 | 1 |aVigneault, Marianne |
| 720 | 1 |aSecrieru, Oana |
| 776 | 0#|tPublic venture capital and entrepreneurship / |w(CaOODSP)9.580932 |
| 830 | #0|aWorking paper,|x1192-5434|v2004-10|w(CaOODSP)9.514622 |